Statystyki dla Największe Miasta Polskich Województw Z Wyjątkami

Kliknij tutaj aby rozwiązać quiz!

Ogólne statystyki

  • Ten quiz został rozwiązany 225 razy
  • Średni wynik to 11 z 16

Statystyki odpowiedzi

WojewództwoLiczba ludnościMiasto% Poprawnych
Pomorskie246 244Gdynia
96%
Mazowieckie217 834Radom
85%
Śląskie231 527Częstochowa
81%
Podlaskie69 858Suwałki
77%
Zachodniopomorskie107 225Koszalin
75%
Warmińsko-mazurskie119 760Elbląg
74%
Małopolskie111 376Tarnów
73%
Dolnośląskie114 065Wałbrzych
73%
Łódzkie73 670Piotrków Trybunalski
72%
Wielkopolskie100 482Kalisz
71%
Kujawsko-pomorskie110 287Włocławek
71%
Lubelskie63 813Zamość
69%
Podkarpackie60 999Przemyśl
66%
Świętokrzyskie69 051Ostrowiec Świętokrzyski
57%
Opolskie60 852Kędzierzyn-Koźle
54%
Lubuskie38 763Nowa Sól
44%

Rozkład punktacji

Percentyl według liczby udzielonych odpowiedzi

Procent ludzi z każdym wynikiem

Twoja historia wyników

Nie rozwiązałeś tego quizu